Films d'animations japonais en image - Statistiques

Statistiques générales
  • Ce quiz a été pris 18 fois
  • Le résultat moyen est 17 sur 50
Statistiques - réponses
Par images Réponse % Correct
Le Voyage de Chihiro
93%
Kiki la petite sorcière
80%
Le Tombeau des lucioles
73%
Ponyo sur la falaise
73%
Porco Rosso
73%
Princesse Mononoke
73%
Akira
67%
Le Château dans le ciel
67%
Chainsaw Man Reze
60%
Le Conte de la princesse Kaguya
60%
Paprika
60%
The End of Evangelion
60%
A Silent Voice
53%
La Colline aux coquelicots
53%
Les Enfants loups
53%
Perfect Blue
53%
Les Enfants du temps
47%
Le vent se lève
47%
Je veux manger ton pancréas
40%
Mononoke
40%
Nausicaä de la Vallée du Vent
40%
Look Back
33%
Si tu tends l'oreille
33%
Tokyo Godfathers
33%
Blue Giant
27%
Dawn of the Deep Soul
27%
Les Enfants de la mer
27%
Colorful
20%
Dans un recoin de ce monde
20%
Josée, le tigre et les poissons
20%
Kizumonogatari
20%
La Traversée du temps
20%
Millennium Actress
20%
Patéma et le Monde inversé
20%
Souvenirs goutte à goutte
20%
Amer Beton
13%
Jun, la voix du cœur
13%
Le Grand Magasin
13%
L'Œuf de l'ange
13%
Maquia
13%
Pompo The Cinephile
13%
Summer Ghost
13%
100 Mètres
7%
Eve no Jikan
7%
Madoka Magica Rebellion
7%
Mind Game
7%
Night Is Short, Walk On Girl
7%
Cocoon
0%
Inu-Oh
0%
Madogiwa no Totto-chan
0%
Aucun quiz correspondant
Distribution des résultats
% des personnes avec chaque résultat
Percentile par nombre de réponses
Votre historique - résultats
Vous n’avez pas pris ce quiz